000 nam a22 7a 4500
999 _c9646
_d9646
008 180206b ||||| |||| 00| 0 eng d
100 _aPandya,etal.
_95772
245 _aGujarat Road Atlas
260 _aAmdavad
_bGVP
_c1999